Central Library, Doon University
WEBOPAC (ONLINE PUBLIC ACCESS CATALOGUE)

Introduction to Agricultural Economics (Record no. 60998)

MARC details
000 -LEADER
fixed length control field 00468nam a22001817a 4500
005 - DATE & TIME
control field 20260604122433.0
008 - FIXED-LENGTH DATA ELEMENTS--GENERAL INFORMATION
fixed length control field 260604b |||||||| |||| 00| 0 eng d
020 ## - ISBN
International Standard Book Number 9789352020348
Price 550.00
040 ## - CATALOGING SOURCE
Original cataloging agency Doon University
041 ## - Language
Language English
082 ## - DDC NUMBER
Classification number 338.1
Book Number BIL
100 ## - MAIN ENTRY--PERSONAL NAME
Personal name Bilgrami, S. A. R.
245 ## - TITLE STATEMENT
Title Introduction to Agricultural Economics
260 ## - PUBLICATION, DISTRIBUTION, ETC. (IMPRINT)
Place of publication, distribution, etc Mumbai
Name of publisher, distributor, etc Himalaya
Date of publication, distribution, etc 2026
300 ## - PHYSICAL DESCRIPTION
Pages 327
650 ## - Subject
Subject Economics (PM USHA)
942 ## - ADDED ENTRY ELEMENTS (KOHA)
Koha item type Books
100 ## - MAIN ENTRY--PERSONAL NAME
-- 27011
650 ## - Subject
-- 26774
952 ## - LOCATION AND ITEM INFORMATION (KOHA)
-- 2026-06-04
952 ## - LOCATION AND ITEM INFORMATION (KOHA)
-- 2026-06-04
952 ## - LOCATION AND ITEM INFORMATION (KOHA)
-- 2026-06-04
952 ## - LOCATION AND ITEM INFORMATION (KOHA)
-- 2026-06-04
952 ## - LOCATION AND ITEM INFORMATION (KOHA)
-- 2026-06-04
Holdings
Withdrawn status Lost status Source of classification or shelving scheme Damaged status Not for loan Location (home branch) Sublocation or collection (holding branch) Date acquired Koha issues (times borrowed) Koha full call number Accession No. Koha date last seen Koha item type
          Doon University Doon University 04.06.2026   338.1 BIL 34493 04.06.2026 Books
          Doon University Doon University 04.06.2026   338.1 BIL 34494 04.06.2026 Books
          Doon University Doon University 04.06.2026   338.1 BIL 34495 04.06.2026 Books
          Doon University Doon University 04.06.2026   338.1 BIL 34496 04.06.2026 Books
          Doon University Doon University 04.06.2026   338.1 BIL 34497 04.06.2026 Books
Contact : +91-135-2533126 (Library),+91-135-2533105 (Admin Office) , Email : doonlibrary@gmail.com

Powered by Koha